Egy informatikai, felhőalapú és hibrid szolgáltatási tranzíciós és transzformációs projekt bemutatása a kockázatmenedzsment szemszögéből

Bibliographic Details
Main Author: Madarász Laura
Other Authors: Szabó Zsolt Antal
Format: Thesis
Kulcsszavak:Projektmenedzsment
Hibrid felhő
Kockázatmenedzsment
Online Access:http://dolgozattar.uni-bge.hu/13918

MARC

LEADER 00000nta a2200000 i 4500
001 dolg13918
005 20171212132345.0
008 171212suuuu hu om 000 hun d
040 |a BGE Dolgozattár Repozitórium  |b hun 
041 |a hu 
100 1 |a Madarász Laura 
245 1 0 |a Egy informatikai, felhőalapú és hibrid szolgáltatási tranzíciós és transzformációs projekt bemutatása a kockázatmenedzsment szemszögéből  |c Madarász Laura  |h [elektronikus dokumentum] 
246 1 1 |a An IT, hybrid cloud-based service transition and transformation project from risk management perspective 
695 |a Projektmenedzsment 
695 |a Hibrid felhő 
695 |a Kockázatmenedzsment 
700 1 |a Szabó Zsolt Antal  |e ths 
856 4 0 |u http://dolgozattar.uni-bge.hu/13918/2/new%20doc%202017-12-11%2012.49.56_20171211143311.pdf  |z Dokumentum-elérés 
856 4 0 |u http://dolgozattar.uni-bge.hu/13918/3/SZAKDOGA_KESZ_NYOMT.pdf  |z Dokumentum-elérés 
856 4 0 |u http://dolgozattar.uni-bge.hu/13918/14/new%20doc%202017-12-12%2010.57.53_20171212105911.pdf  |z Dokumentum-elérés